书目信息 |
| 题名: |
通假字小字典
|
|
| 作者: | 夏炳臣 , 夏剑钦 著 | |
| 分册: | ||
| 出版信息: | 长沙 湖南人民出版社 1986 |
|
| 页数: | 263页 | |
| 开本: | 19cm | |
| 丛书名: | ||
| 单 册: | ||
| 中图分类: | H124.3-61 | |
| 科图分类: | ||
| 主题词: | 通假-汉字--字典 , 汉字-通假--字典 | |
| 电子资源: | ||
| ISBN: | ||
| 000 | 00678nam0 2200253 45 | |
| 001 | 0186017185 | |
| 005 | 20070731162414.79 | |
| 010 | @dCNY2.15 | |
| 091 | @aCN@b9109.74 | |
| 100 | @a19900809d1986 em y0chiy0121 ea | |
| 101 | 0 | @achi |
| 102 | @aCN@b430000 | |
| 105 | @ay e 000yy | |
| 200 | 10 | @a通假字小字典@Atong jia zi xiao zi dian@f夏剑钦, 夏炳臣著 |
| 210 | @a长沙@c湖南人民出版社@d1986 | |
| 215 | @a263页@d19cm | |
| 606 | @a通假-汉字@x字典 | |
| 606 | @a汉字-通假@x字典 | |
| 690 | @aH124.3-61@v3 | |
| 701 | 0 | @a夏炳臣@Axia bing chen@4著 |
| 701 | 0 | @a夏剑钦@Axia jian qin@4著 |
| 801 | 2 | @aCN@bNLC@c20070731 |
| 801 | 0 | @aCN@bTSSF |
| 905 | @a10447@dH124.3-61@e147 | |
| 通假字小字典/夏剑钦, 夏炳臣著.-长沙:湖南人民出版社,1986 |
| 263页;19cm |
| ISBN :CNY2.15 |
| ● |
| 相关链接 |
|
|
|
|
正题名:通假字小字典
索取号:H124.3-61/147
 
预约/预借
| 序号 | 登录号 | 条形码 | 馆藏地/架位号 | 状态 | 备注 |
| 1 | 0790055 | 207900556 | 第二样本阅览室/ [索取号:H124.3-61/147] | 在馆 |